Obchodovanie s cennými papiermi.

Charakteristika prípravných prác na založení riadnych búrz cenných papierov v Bratislave a v Prahe, ako aj stavu dočasného sekundárneho trhu cenných papierov založeného 8 komerčnými bankami v spolupráci v ŠBČS.

Enregistré dans:
Détails bibliographiques
Auteur principal: Šedo, M.
Format: Chapitre de livre
Langue:slovaque
Sujets:
Tags: Ajouter un tag
Pas de tags, Soyez le premier à ajouter un tag!

MARC

LEADER 00000naa a2200000 4500
001 r008423
005 20220831085600.9
041 0 |a slo 
044 |a [CS] 
245 1 0 |a Obchodovanie s cennými papiermi.  |c M. Šedo 
520 |a Charakteristika prípravných prác na založení riadnych búrz cenných papierov v Bratislave a v Prahe, ako aj stavu dočasného sekundárneho trhu cenných papierov založeného 8 komerčnými bankami v spolupráci v ŠBČS. 
610 2 0 |a papiere cenné 
610 2 0 |a burzy 
610 2 0 |a trh kapitálový 
610 2 0 |a Bratislava 
610 2 0 |a Praha 
610 2 0 |a ŠBČS 
610 2 0 |a banky obchodné 
100 1 |a Šedo, M.